La revolución social /

Kaydedildi:
Detaylı Bibliyografya
Yazar: Louis, Paul (autor)
Materyal Türü: Kitap
Dil:İspanyolca
Baskı/Yayın Bilgisi: Madrid, España : Diana, 1933, c1933
Seri Bilgileri:(Dédalo. Cultura Política ; 13)
Konular:
Etiketler: Etiketle
Etiket eklenmemiş, İlk siz ekleyin!

MARC

LEADER 00000nam^a2200000^a^4500
001 000126926
005 20250521000000.0
009 20260310094744.164
037 |a Acervo ITESO - Biblioteca 
041 |a ESP 
082 |a 321. 094  |b LOU 
100 |a Louis, Paul  |e (autor) 
245 1 3 |a La revolución social /  |c P. Louis. 
264 4 |a Madrid, España :  |b Diana,  |c 1933, c1933 
300 |a 218 p. 
336 |a texto  |b txt  |2 rdacontenido 
337 |a sin mediación  |b n  |2 rdamedio 
338 |a volumen  |b nc  |2 rdasoporte 
440 1 |a (Dédalo.  |p Cultura Política ;  |v 13) 
649 |a XX 
650 |a Revolución 
650 |a Cambios Políticos 
650 |a Socialismo 
650 |a Ideología 
650 |a Filosofía Política 
650 |a Política 
910 |a Fondo Salvador Reynoso Reynoso 
920 |a Impresos - Libros 
930 |a Fondos Especiales 
905 |a 112 
901 |a 0800009048  |b IT2  |c ESP  |u 20250521 
902 |a https://opac.biblio.iteso.mx/vufind/Record/000126926